| 000 | 01199nam a2200265Ia 4500 | ||
|---|---|---|---|
| 999 |
_c5202 _d5202 |
||
| 003 | OSt | ||
| 005 | 20200415165155.0 | ||
| 008 | 191128s1992 ck gr 000 0dspa d | ||
| 020 | _a9589547400 | ||
| 040 |
_aCO-JMCR _cCO-JMCR |
||
| 041 | 0 | _aspa | |
| 082 | 0 | 4 |
_a303.43 / _bC182p |
| 100 | 1 |
_aCavelier, Carlos Enrique, _e autor _93079 |
|
| 245 | 1 | 0 |
_aPreludio a la nueva Colombia : _bdos años de reflexión sobre nuestro vivir / _cCarlos Enrique Cavelier ; prólogo del Presidente César Gaviria |
| 250 | _aPrimer edición | ||
| 260 |
_aBogotá : _bProdemocracia, _c1992 |
||
| 300 |
_a291 páginas ; _b21 cm. |
||
| 500 | _aIncluye biografía del autor en solapa frontal. | ||
| 505 | _aPreludio al nuevo país -- Algo de economía -- Imposible para un político no publicar unos discursos | ||
| 520 | _aPreludio a la nueva Colombia es una crónica de opinión que a través del tiempo ha analizado los procesos políticos que se han dado en nuestro país desde julio de 1989. El libro recoge una serie de artículos aparecidos en la prensa. | ||
| 650 | 1 | 4 |
_aCambio social _93080 |
| 650 | 2 | 4 |
_aCondiciones sociales _93081 |
| 700 | 1 |
_aGaviria, César, _eprologuista _93082 |
|
| 942 |
_2ddc _cBK |
||